header

Toward analytical chaos in nonlinear systems / (Record no. 107466)

MARC details
000 -LEADER
fixed length control field 01607nam a2200385 i 4500
001 - CONTROL NUMBER
control field ebr10865384
003 - CONTROL NUMBER IDENTIFIER
control field CaPaEBR
006 - FIXED-LENGTH DATA ELEMENTS--ADDITIONAL MATERIAL CHARACTERISTICS--GENERAL INFORMATION
fixed length control field m o d
007 - PHYSICAL DESCRIPTION FIXED FIELD--GENERAL INFORMATION
fixed length control field cr cn|||||||||
008 - FIXED-LENGTH DATA ELEMENTS--GENERAL INFORMATION
fixed length control field 140506t20142014enka ob 001 0 eng d
020 ## - INTERNATIONAL STANDARD BOOK NUMBER
Cancelled/invalid ISBN 9781118658611
International Standard Book Number 9781118887219 (e-book)
040 ## - CATALOGING SOURCE
Original cataloging agency CaPaEBR
Language of cataloging eng
Description conventions rda
-- pn
Transcribing agency CaPaEBR
035 ## - SYSTEM CONTROL NUMBER
System control number (OCoLC)876141187
050 14 - LIBRARY OF CONGRESS CALL NUMBER
Classification number QA867.5
Item number .L86 2014eb
082 04 - DEWEY DECIMAL CLASSIFICATION NUMBER
Classification number 003/.857
Edition number 23
100 1# - MAIN ENTRY--PERSONAL NAME
Personal name Luo, Albert C. J.,
Relator term author.
245 10 - TITLE STATEMENT
Title Toward analytical chaos in nonlinear systems /
Statement of responsibility, etc Albert C. J. Luo.
264 #1 - PRODUCTION, PUBLICATION, DISTRIBUTION, MANUFACTURE, AND COPYRIGHT NOTICE
Place of production, publication, distribution, manufacture Chichester, England :
Name of producer, publisher, distributor, manufacturer Wiley,
Date of production, publication, distribution, manufacture, or copyright notice 2014.
Date of production, publication, distribution, manufacture, or copyright notice �2014
300 ## - PHYSICAL DESCRIPTION
Extent 1 online resource (270 pages) :
Other physical details illustrations (some color)
336 ## - CONTENT TYPE
Content type term text
Source rdacontent
337 ## - MEDIA TYPE
Media type term computer
Source rdamedia
338 ## - CARRIER TYPE
Carrier type term online resource
Source rdacarrier
504 ## - BIBLIOGRAPHY, ETC. NOTE
Bibliography, etc Includes bibliographical references and index.
588 ## - SOURCE OF DESCRIPTION NOTE
Source of description note Description based on print version record.
590 ## - LOCAL NOTE (RLIN)
Local note Electronic reproduction. Palo Alto, Calif. : ebrary, 2015. Available via World Wide Web. Access may be limited to ebrary affiliated libraries.
650 #0 - SUBJECT ADDED ENTRY--TOPICAL TERM
Topical term or geographic name as entry element Differentiable dynamical systems.
Topical term or geographic name as entry element Nonlinear oscillations.
Topical term or geographic name as entry element Chaotic behavior in systems.
655 #0 - INDEX TERM--GENRE/FORM
Genre/form data or focus term Electronic books.
776 08 - ADDITIONAL PHYSICAL FORM ENTRY
Display text Print version:
Main entry heading Luo, Albert C. J.
Title Toward analytical chaos in nonlinear systems.
Place, publisher, and date of publication Chichester, England : Wiley, c2014
Physical description x, 258 pages
International Standard Book Number 9781118658611
Record control number 2014001972
797 2# - LOCAL ADDED ENTRY--CORPORATE NAME (RLIN)
Corporate name or jurisdiction name as entry element ebrary.
856 40 - ELECTRONIC LOCATION AND ACCESS
Uniform Resource Identifier <a href="http://site.ebrary.com/lib/rucke/Doc?id=10865384">http://site.ebrary.com/lib/rucke/Doc?id=10865384</a>
Public note An electronic book accessible through the World Wide Web; click to view

No items available.

© 2026 Rongo University
Contact us: librarian | system librarian | Rongo university